000 00309 a2200157 4500
001 58105
020 _a
040 _cAnchieta - Pituba
100 _aFerreira, Antonio José
240 1 0 _aLaços
_lpor
245 1 0 _aLaços
300 _a82
362 0 _a1998
650 4 _aPoesia brasileira
942 _cBK
999 _c58105
_d58105